000 01128nam0a2200301 4500
001 RU\NLR\ONL2\24097
005 20250613224127.0
035 _a(NLR Aleph) 010211055
090 _a10274613
_c10274613
100 _a20120908d2011 |||y0rusy50 ca
101 0 _atat
102 _aRU
105 _ac |||||||||
200 1 _aЫшандыр сөю сузенэ
_eшигырьлэр, жырлар
_fКэшифэ Эхмэдиева
210 _aОктябрьский
_cГУП РБ "Октябрьская городская типография"
_d2011
215 _a163,[1] б.
_cпортр.
_d21
541 1 _6z01790
_a[Поверить в любовь твою
_eстихи, песни].
_zrus
686 1 _aШ6(2=Тат)7-5
700 1 _aЭхмэдиева
_bК. Г.
_gКэшифэ Галимжан кызы
_4070
790 1 _6z01541
_aАхмадиева
_bК. Г.
_gКашифа Галимзяновна
_4070
801 0 _aRU
_bNLR
_c20120908
_gPSBO
852 _aNLR
_jТатар./3-14212
_m39386
852 _aNLR
_bОНЛ
942 _cBOOK
980 _aNB
980 _aONL_RF